Risk in business decision
Saved in:
| Main Author: | |
|---|---|
| Format: | Book |
| Language: | English |
| Published: |
[New York]
Wiley
[1973, c1972]
|
| Subjects: | |
| Tags: |
Add Tag
No Tags, Be the first to tag this record!
|
| LEADER | 00732cam a2200265 4500 | ||
|---|---|---|---|
| 001 | 004341663-2 | ||
| 005 | 20020606095253.2 | ||
| 008 | 721211c19731972nyua b 001 0 eng | ||
| 010 | |a 72011307 //r85 | ||
| 020 | |a 0470614404 | ||
| 035 | 0 | |a ocm00944612 | |
| 040 | |a DLC |c DLC |d HBS | ||
| 050 | 0 | |a HD61 |b .M6 | |
| 082 | |a 658.4/033 | ||
| 100 | 1 | |a Moore, P. G. |q (Peter Gerald), |d 1928- | |
| 245 | 1 | 0 | |a Risk in business decision |c [by] Peter G. Moore. |
| 260 | |a [New York] |b Wiley |c [1973, c1972] | ||
| 300 | |a xi, 365 p. |b illus. |c 25 cm. | ||
| 500 | |a "A Halsted Press book." | ||
| 504 | |a Bibliography: p. 351-352. | ||
| 650 | 0 | |a Risk. | |
| 650 | 0 | |a Statistical decision. | |
| 650 | 0 | |a Decision making. | |
| 988 | |a 20020608 | ||
| 906 | |0 DLC | ||


